|
|
|
|
| LEADER |
01295nam a2200349 a 4500 |
| 001 |
000674902 |
| 003 |
CZ BrMZK |
| 005 |
20071127134115.0 |
| 007 |
ta |
| 008 |
030624s2003 xr g 000 f cze d |
| 015 |
|
|
|a cnb001202166
|
| 020 |
|
|
|a 80-249-0201-X
|q (váz.)
|
| 035 |
|
|
|a (OCoLC)53491899
|
| 040 |
|
|
|a BOA001
|b cze
|
| 041 |
1 |
|
|a cze
|h ger
|
| 072 |
|
7 |
|a 821.112.2-3
|x Německá próza, německy psaná
|2 Konspekt
|9 25
|
| 080 |
|
|
|a 821.112.2-31
|2 MRF
|
| 080 |
|
|
|a (0:82-31)
|2 MRF
|
| 100 |
1 |
|
|a Hauptmann, Gaby,
|d 1957-
|7 jn20010601387
|4 aut
|
| 245 |
1 |
0 |
|a Mrtvý muž dobrý muž /
|c Gaby Hauptmannová ; [z němčiny přeložila Zdena Alanová]
|
| 250 |
|
|
|a Vyd. 1.
|
| 260 |
|
|
|a V Praze :
|b Ikar,
|c 2003
|
| 300 |
|
|
|a 254 s. ;
|c 21 cm
|
| 500 |
|
|
|a Překlad z němčiny
|
| 500 |
|
|
|a Dostupné též v digitální podobě v aplikaci Kramerius
|
| 655 |
|
7 |
|a německé romány
|7 fd132945
|2 czenas
|
| 700 |
1 |
|
|a Alanová, Zdenka
|7 jk01010147
|4 trl
|
| 765 |
0 |
|
|t Nut ein toter Mann ist ain guter Mann
|9 Česky
|
| 856 |
4 |
1 |
|u http://www.digitalniknihovna.cz/mzk/uuid/uuid:cbba1270-2f95-11e5-8851-005056827e51
|y Digitalizovaný dokument
|x NDK
|
| 910 |
|
|
|a BOA001
|b 2-1121.265
|
| 990 |
|
|
|a BK
|
| 996 |
6 |
|
|b 2610194150
|c 2-1121.265
|l MZK
|r Sklad / do 1 hodiny
|n 1
|p p.v.
|w 000674902
|u 000010
|a 1
|e BOA001
|j MZK50
|s P
|